তাফসীরে তাবারী শরীফ / (Record no. 40075)
[ view plain ]
| 000 -LEADER | |
|---|---|
| fixed length control field | 01392nam a2200289 a 4500 |
| 001 - CONTROL NUMBER | |
| control field | 40075 |
| 003 - CONTROL NUMBER IDENTIFIER | |
| rucl marc code | BD-RjUL |
| 005 - DATE AND TIME OF LATEST TRANSACTION | |
| control field | 20211209053130.0 |
| 008 - FIXED-LENGTH DATA ELEMENTS--GENERAL INFORMATION | |
| fixed length control field | 160421s1993 bg ||||| |||| 00| 0 ben d |
| 020 ## - INTERNATIONAL STANDARD BOOK NUMBER | |
| International Standard Book Number | 9840600893 |
| Terms of availability | : TK 210.00 |
| International Standard Book Number | 9840600257 (V-2) |
| Terms of availability | : Tk. 175.00 |
| International Standard Book Number | 9840600648 (V-3) |
| Terms of availability | : TK 180.00 |
| International Standard Book Number | 9840610512 (V-6) |
| Terms of availability | : TK 160.00 |
| International Standard Book Number | 9840601059 (V-1) |
| Terms of availability | : TK 210.00 |
| 035 ## - SYSTEM CONTROL NUMBER | |
| System control number | (BD-RjUL)40190 |
| 040 ## - CATALOGING SOURCE | |
| Original cataloging agency | BD-RjUL |
| Language of cataloging | ben |
| Transcribing agency | BD-RjUL |
| Modifying agency | BD-RjUL |
| 041 ## - LANGUAGE CODE | |
| Language code of text/sound track or separate title | ben |
| 082 ## - DEWEY DECIMAL CLASSIFICATION NUMBER | |
| Edition number | 23 |
| Classification number | 297.1227 |
| Author mark and year | RAT 1993 |
| 100 ## - MAIN ENTRY--PERSONAL NAME | |
| Personal name | রহমাতুল্লাহিআলায়হি, আবূ জা'ফর মুহাম্মদ ইবন জারীর তাবারী |
| 9 (RLIN) | 123404 |
| 245 10 - TITLE STATEMENT | |
| Title | তাফসীরে তাবারী শরীফ / |
| Statement of responsibility, etc. | আবূ জা'ফর মুহাম্মদ ইবন জারীর তাবারী রহমাতুল্লাহিআলায়হি |
| 260 ## - PUBLICATION, DISTRIBUTION, ETC. (IMPRINT) | |
| Place of publication, distribution, etc. | ঢাকা : |
| Name of publisher, distributor, etc. | ইসলামিক ফাউন্ডেশন, |
| Date of publication, distribution, etc. | ১৯৯১, ১৯৯২, ১৯৯৩, ১৯৯৪, ১৯৯৬ |
| 300 ## - PHYSICAL DESCRIPTION | |
| Pagination | খণ্ড ; |
| Size | ২২ সেমি |
| 505 ## - FORMATTED CONTENTS NOTE | |
| Formatted contents note | খণ্ড ১ -- খণ্ড ২ -- খণ্ড ৩ -- খণ্ড ৪ -- খণ্ড ৫ -- খণ্ড ৬ -- |
| 650 ## - SUBJECT ADDED ENTRY--TOPICAL TERM | |
| Topical term or geographic name as entry element | কোরআন |
| 9 (RLIN) | 119427 |
| Topical term or geographic name as entry element | Quran |
| 9 (RLIN) | 119428 |
| 942 ## - ADDED ENTRY ELEMENTS (KOHA) | |
| Source of classification or shelving scheme | Dewey Decimal Classification |
| Koha item type | Books |
| Lost status | Source of classification or shelving scheme | Damaged status | Not for loan | Collection code | Permanent Location | Current Location | Shelving location | Date acquired | Source of acquisition | Cost, normal purchase price | Total Checkouts | Full call number | Date last seen | Copy number | Koha item type |
|---|---|---|---|---|---|---|---|---|---|---|---|---|---|---|---|
| Dewey Decimal Classification | Not For Loan | Non-fiction | Central Library, University of Rajshahi | Central Library, University of Rajshahi | Reading Room | 31/01/1996 | Islamic Foundation Bangladesh | 210.00 | B 297.1227 RAT V-4 1993 | 21/04/2016 | C-1 | Books | |||
| Dewey Decimal Classification | Not For Loan | Non-fiction | Central Library, University of Rajshahi | Central Library, University of Rajshahi | Reading Room | 04/03/1996 | Islamic foundation | 160.00 | B 297.1227 RAT V-5 1996 | 04/12/2016 | C-1 | Books | |||
| Dewey Decimal Classification | Not For Loan | Non-fiction | Central Library, University of Rajshahi | Central Library, University of Rajshahi | Reading Room | 04/03/1996 | Islamic foundation | 100.00 | B 297.1227 RAT V-3 1992 | 04/12/2016 | C-1 | Books | |||
| Dewey Decimal Classification | Not For Loan | Non-fiction | Central Library, University of Rajshahi | Central Library, University of Rajshahi | Reading Room | 04/03/1996 | Islamic foundation | 100.00 | B 297.1227 RAT V-6 1994 | 04/12/2016 | C-1 | Books | |||
| Dewey Decimal Classification | Not For Loan | Non-fiction | Central Library, University of Rajshahi | Central Library, University of Rajshahi | Reading Room | 04/03/1996 | Islamic foundation | 210.00 | B 297.1227 RAT V-1 1993 | 04/12/2016 | C-1 | Books | |||
| Dewey Decimal Classification | Not For Loan | Non-fiction | Central Library, University of Rajshahi | Central Library, University of Rajshahi | Reading Room | 04/03/1996 | Rajshahi Islamic Foundation | 210.00 | B 297.1227 RAT V-2 1991 | 27/10/2018 | C-1 | Books |